Loading...
| Literature - American Literature | 1 | 7 | 0 | 1 | 85 | 56 | 92.63 | 0 | 7 |
| Mythology | 0 | 7 | 1 | 2 | 65 | 72 | 111.00 | 0 | 3 |
| Literature - World Literature | 4 | 1 | 1 | 0 | 65 | 21 | 52.80 | 3 | 4 |
| Fine Arts - Visual Fine Arts | 3 | 2 | 1 | 1 | 60 | 22 | 70.00 | 3 | 3 |
| History - Other History | 2 | 2 | 0 | 1 | 50 | 56 | 96.75 | 1 | 3 |
| Fine Arts - Other Fine Arts | 3 | 1 | 1 | 0 | 50 | 33 | 67.75 | 2 | 4 |
| Literature - British Literature | 2 | 3 | 2 | 1 | 50 | 39 | 89.00 | 0 | 4 |
| Fine Arts - Auditory Fine Arts | 2 | 1 | 1 | 0 | 35 | 37 | 69.00 | 2 | 2 |
| Philosophy | 0 | 4 | 2 | 0 | 30 | 70 | 94.50 | 1 | 2 |
| Religion | 0 | 3 | 0 | 0 | 30 | 84 | 112.67 | 1 | 1 |
| Literature - European Literature | 0 | 4 | 3 | 0 | 25 | 75 | 87.50 | 0 | 4 |
| History - European History | 2 | 0 | 1 | 0 | 25 | 60 | 61.00 | 0 | 2 |
| Pop Culture | 0 | 1 | 0 | 1 | 10 | 140 | 140.00 | 0 | 0 |
| History - World History | 0 | 1 | 0 | 1 | 10 | 117 | 117.00 | 0 | 0 |
| Science - Physics | 0 | 1 | 0 | 1 | 10 | 134 | 134.00 | 0 | 0 |
| Social Science | 0 | 1 | 0 | 0 | 10 | 91 | 91.00 | 1 | 1 |
| Science - Biology | 0 | 0 | 1 | 0 | -5 | 0.00 | 0 | 0 |